| 000 | 00867nam a2200253 a 4500 | ||
|---|---|---|---|
| 001 | BRL_1262 | ||
| 005 | 20190320211122.0 | ||
| 008 | 091213s1951----mx-abeo###---#000-0#spa-# | ||
| 041 | _aspa | ||
| 044 | _amx | ||
| 050 | 4 |
_aF1219.3.A6 _b.M37 1951 |
|
| 100 | 1 |
_aMarquina, Ignacio _d1888-1981 _926313 |
|
| 245 | 1 | 0 |
_aArquitectura prehispánica _cIgnacio Marquina. |
| 260 |
_aMéxico _bInstituto Nacional de Antropología e Historia : Secretaría de Educación Pública _c1951 |
||
| 300 |
_axix, 970 p. _bil., mapas, planos, láminas _c32 cm. |
||
| 440 | 0 |
_aMemorias del Instituto Nacional de Antropología e Historia _v1 _926314 |
|
| 500 | _aAu1455 | ||
| 500 | _aEstado físico: Ejemplar sin lomo. | ||
| 650 | 1 | 4 |
_aArquitectura indígena _923478 |
| 650 | 1 | 4 |
_aArquitectura _zMéxico _9596 |
| 651 | 4 |
_aMéxico _xAntigüedades _92765 |
|
| 902 | _aGRL | ||
| 942 |
_2lcc _cB |
||
| 999 |
_c10074 _d10074 |
||